000 00527nam a2200205Ia 4500
003 0100
005 20160804084923.0
008 130303s9999 xx 000 0 und d
040 _cARRUPELIB
050 _aB2430.S34 D45 1960
100 _aDesan, Wilfrid
_924588
245 4 _aThe tragic finale
245 _ban essay on the philosophy of Jean-Paul Sartre
250 _arevised edition
260 _aNew York
260 _bHarper Torchbooks
300 _axxv
300 _b 228p. 19cm.
942 0 0 _01
_2lcc
_cMONOGRAPH
999 _c47251
_d47251